00798nam a22002297a 450000500170000000800410001701700410005802000180009904000230011708200230014010000190016324500450018225000090022726000820023630000250031865000350034365000370037865100100041594200120042599900170043795201140045420240530110854.0210928s2021 ua f 000 f ara d a2012/2819bمصر. دار الكتب a9789775436986 aEG-CaGPLcEG-CaGPL04221a813.03/bم م0 aمنى زكى 10aمملكة القلوب /cمنى زكى aط.1 aالقاهرة : bهيئة الخدمة الروحية للنشر،c2021. a263 ص. ؛c19 سم.072qrmakaالادب العربى072qrmakaالقصص العربية 2qrmak 2ddccBK c66006d66006 00104070aCAIbCAIcMAIN-LIBRARYd2021-09-28l0o813.03/ م مp167143r2021-09-28 00:00:00w2021-09-28yBK